1826 1830 1831 1394 1175 1291 1393 1589 1672 1956 1332 1897 1233 1415 1977 1729 1758 1939 1360 1546 1293 1500 1307 1977 1059 1396 1224 1936 1412 1662 1127 1191 1949 1474 1463 1845 1857 1441 1433 1142 1350 1885 1831 1033 1172 1632 1085 1184 1954 1343 1678 1171 1533 1698 1031 1459 1378 1956 1165 1453 1684 1637 1908 1803 1479 1277 1334 1691 1061 1833 1229 1473 1637 1818 1419 1138 1355 1872 1596 1123 1821 1232 1849 1021 1312 1002 1146 1150 1905 1585 1238 1426 1499 1855 1973 1170 1379 1949 1326 BCNSPRNW ULIB Ver.6.0+V

เปลี่ยนเป็นภาษาไทย

Change to English
 แสดงรายละเอียดบรรณานุกรม
  กลับหน้าหลัก

Brief Record : Get Marc (ISO 2709) : E-mail record : QR code < ปิดหน้าต่าง
LEADER : 00000nam 2200000uu 4500
001    13399123861
003     ULIB
008    141212s2556||||th 000 0 tha d
020    ^a9786165516174
060 04 WL100^bบ827
110 1  จุฬาลงกรณ์มหาวิทยาลัย.^bคณะแพทยศาสตร์
245 00 ^aBasic and clinical neuroscience 5 /^cบรรณาธิการโดยชัยภัทร ชุณหรัศมิ์, ณัฐ พสุธารชาติ, อรอุมา ชุติเนตร และ นิจศรี ชาญณรงค์
250    ^aพิมพ์ครั้งที่ 1
260    ^aกรุงเทพฯ :^bสาขาประสาทวิทยา ภาควิชาอายุรศาสตร์ คณะแพทยศาสตร์ จุฬาลงกรณ์มหาวิทยาลัย,^c2556
300    ^a518 หน้า :^bภาพประกอบ
650  7 ^aประสาทวิทยา
650  7 ^aประสาทวิทยาศาสตร์
700 0  ^aณัฐ พสุธารชาติ,^eบรรณาธิการ
700 0  ^aชัยภัทร ชุณหรัศมิ์,^eบรรณาธิการ
700 0  ^aนิจศรี ชาญณรงค์,^eบรรณาธิการ
700 0  ^aอรอุมา ชุติเนตร,^eบรรณาธิการ
945    ^p550^l0^i22415
945    ^p550^l0^i22416
999    ^aทศพร เกษรทอง
รายการนี้ยังไม่มีแท็ก
คุณยังไม่ได้ล็อกอิน คุณสามารถมีกิจกรรมร่วมกับเว็บไซต์ได้ แต่ต้องล็อกอินก่อน ::
  ล็อกอิน

รายการสื่อสารสนเทศ

ลำดับที่ ประเภท เลขเรียก/บาร์โค้ด สถานที่ สถานะ
1. วิทยาศาสตร์การแพทย์ และสุขภาพ
หนังสือสำรอง
สถานะ=หนังสือสำรอง
WL100 บ827 ฉ.1 
  Barcode: 22415
ห้องสมุดวิทยาเขตนครสวรรค์
►หนังสือทั่วไป:l:General Books
บนชั้น
2. วิทยาศาสตร์การแพทย์ และสุขภาพ
วิทยาศาสตร์การแพทย์ และสุขภาพ
WL100 บ827 ฉ.2 
  Barcode: 22416
ห้องสมุดวิทยาเขตนครสวรรค์
►หนังสือทั่วไป:l:General Books
บนชั้น

รายการใกล้เคียง
    หัวเรื่อง [ประสาทวิทยา]
    หัวเรื่อง [ประสาทวิทยาศาสตร์]

BibComment


ยังไม่เคยถูกคอมเมนท์

คอมเมนท์ทรัพยากรรายการนี้
  คอมเมนท์: Basic and clinic..


 Copyright 2026. Bcnsprnw @Library